About landscape gardening /

Saved in:
Bibliographic Details
Main Author: Schaumann, W.
Format: Book
Language:English
Published: [Chicago, Ill.? : W. Schaumann?, 1921?]
Subjects:
Tags: Add Tag
No Tags, Be the first to tag this record!
LEADER 00436nam a22001577u 4500
001 000000474-X
005 20020606090541.3
008 830203|1921 ||||||| |||| |0||||eng|d
035 0 |a ocm80557389 
100 1 |a Schaumann, W. 
245 1 0 |a About landscape gardening /  |c W. Schaumann. 
260 0 |a [Chicago, Ill.? :  |b W. Schaumann?,  |c 1921?] 
300 |a 1 folded sheet (4 p.) ;  |c 15 cm. 
650 0 |a Landscape gardening. 
988 |a 20020608 
906 |0 MH